| 000 | 01136cam a22003254a 4500 | ||
|---|---|---|---|
| 008 | |||
| 020 | _a0192626388 (pbk.) | ||
| 049 | _aMAIN | ||
| 090 | 0 |
_a REF RD37 _bOXF |
|
| 245 | 0 | 0 |
_aOxford handbook of clinical surgery / _c[edited by] G.R. McLatchie, D.J. Leaper. |
| 246 | 3 | _aHandbook of clinical surgery | |
| 250 | _a2nd ed. | ||
| 260 |
_aOxford [England] ; _aNew York : _bOxford University Press, _cc2002. |
||
| 300 |
_axix, 930 p. : _bill. ; _c19 cm. |
||
| 500 | _aPrevious ed. cataloged under: McLatchie, Greg R. | ||
| 504 | _aIncludes bibliographical references. | ||
| 500 | _aIncludes Index. | ||
| 650 | 0 |
_aSurgery _vHandbooks, manuals, etc. |
|
| 650 | 0 |
_aSurgery, Operative _vHandbooks, manuals, etc. |
|
| 650 | 1 | 2 |
_aSurgical Procedures, Operative _vHandbooks. |
| 650 | 2 | 2 |
_aSurgery _vHandbooks. |
| 700 | 1 |
_aMcLatchie, Greg R. _tOxford handbook of clinical surgery. |
|
| 700 | 1 | _aMcLatchie, Greg R. | |
| 700 | 1 | _aLeaper, David J. | |
| 907 |
_a.b10254845 _b27-01-15 _c22-04-08 |
||
| 003 | |||
| 005 | 20230120204144.0 | ||
| 040 | _cNUST | ||
| 942 |
_cBOOKS _k REF RD37 _mOXF |
||
| 999 |
_c118141 _d118141 |
||